Οικογένεια-Νηπιαγωγείο-Δημοτικό : μια εκπαιδευτική μηχανική προσέγγιση της μετάβασης : διπλωματική εργασία [μεταπτυχιακή εργασία]
Αποθηκεύτηκε σε:
| Κύριος συγγραφέας: | |
|---|---|
| Συγγραφή απο Οργανισμό/Αρχή: | |
| Άλλοι συγγραφείς: | |
| Μορφή: | Thesis Βιβλίο |
| Γλώσσα: | Greek |
| Δημοσίευση: |
2011
|
| Θέματα: | |
| Διαθέσιμο Online: | http://hdl.handle.net/11610/14383 |
| Ετικέτες: |
Προσθήκη ετικέτας
Δεν υπάρχουν, Καταχωρήστε ετικέτα πρώτοι!
|
MARC
| LEADER | 00000cam a2200000 i 4500 | ||
|---|---|---|---|
| 001 | 1/15142 | ||
| 008 | 110923s2011 gre d | ||
| 035 | |l 10110858 | ||
| 040 | |a GR-MY-UA |b gre |e aacr | ||
| 041 | 0 | |a gre | |
| 082 | 0 | |a 370.15 |2 (22) | |
| 100 | 1 | |a Χαιρέτη, Χριστιάνα Μ. | |
| 245 | 1 | 0 | |a Οικογένεια-Νηπιαγωγείο-Δημοτικό : |b μια εκπαιδευτική μηχανική προσέγγιση της μετάβασης : διπλωματική εργασία [μεταπτυχιακή εργασία] / |c Χριστιάνα Μ. Χαιρέτη ; επιβλέπων: Φραγκίσκος Καλαβάσης |
| 260 | |c 2011 | ||
| 300 | |a 129 σ.; |c 30 εκ. | ||
| 500 | |a Μέλη εξεταστικής επιτροπής: Αναστάσιος Κοντάκος, Θωμάς Μπαμπάλης | ||
| 502 | |a Διατριβή (μεταπτυχιακή) – Πανεπιστήμιο Αιγαίου, Ρόδος, 2011. | ||
| 504 | |a Βιβλιογραφία: σ. 121-129 | ||
| 650 | 0 | 0 | |a Student adjustment. |
| 650 | 0 | 0 | |a Adaptability (Psychology) |
| 650 | 0 | 0 | |a Family. |
| 650 | 0 | 0 | |a Kindergarten. |
| 650 | 0 | 0 | |a Education, Elementary. |
| 650 | 0 | 0 | |a Separation (Psychology) |
| 650 | 0 | 0 | |a Dissertations, Academic |z Greece. |
| 700 | 1 | |a Καλαβάσης, Φραγκίσκος. |4 ths | |
| 710 | 2 | |a Πανεπιστήμιο Αιγαίου |b Σχολή Ανθρωπιστικών Επιστημών |b Τμήμα Επιστημών της Προσχολικής Αγωγής και του Εκπαιδευτικού Σχεδιασμού |b Πρόγραμμα Μεταπτυχιακών Σπουδών Μοντέλα Σχεδιασμού και Ανάπτυξης Εκπαιδευτικών Μονάδων . | |
| 852 | |a INST |b RHODES |c DIATR |e 20110923 |h 370.15 ΧΑΙ |p 005400033617 |q 005400033617 |t MTXE |y 23 | ||
| 852 | |a INST |b RHODES |c DIATR |e 20110923 |h 370.15 ΧΑΙ |p 005400033618 |q 005400033618 |t MTXE |y 23 | ||
| 856 | |u http://hdl.handle.net/11610/14383 | ||
| 901 | |a BIBL4-2011-3 | ||
| 909 | |a Ρ |b 170259 | ||
| 909 | |a Ρ |b 170260 | ||
| 924 | |a ΧΑΙΡΕΤΗ |b ΧΡΙΣΤΙΑΝΑ Μ. |y ΡΟΔΟΣ |z 2011-09 | ||
| 970 | |z 2010/05/ | ||